000 01004nam a2200217 i 4500
001 46776
003 ES-MaACL
005 20230906161439.0
007 t|
008 030401m19781979sp ||||1| spa d
020 _a84-500-2608-3
111 2 _aCongreso de Historia de Andalucía (
_n1º.
_d1976.
_cCórdoba)
_9304
245 1 0 _aActas del I Congreso de Historia de Andalucía.
260 _aCórdoba :
_bMonte de Piedad y Caja de Ahorros de Córdoba,
_c1978-1979.
300 _a6 t. en 9 v. :
_bil., mapas ;
_c24 cm.
504 _aReferencias bibliográficas.
505 8 _aContiene: I. Fuentes y metodología : Andalucía en la antigüedad - II-III. Andalucía medieval - IV-V. Andalucía moderna (siglos XVI-XVII) - VI-VII. Andalucía moderna (siglo XVIII) - VIII. Andalucía contemporánea (siglos XIX y XX) - IX. Andalucía hoy
651 4 _aAndalucía-
_xHistoria-
_vCongresos y asambleas.
_9172799
710 2 _aMonte de Piedad y Caja de Ahorros de Córdoba.
_95763
852 _aES-MaACL
_jP-163
999 _c46776
_d46776